000 00528nam a2200181 a 4500
001 1769763991344
003 YourLibrary
005 20260131161945.0
008 260130s2002##################000#0#eng##
020 _a9788876421365
082 0 4 _a332.0151
_bTOU
100 1 _aTouzi, Nizar,
_eauthor.
245 1 0 _aStochastic control problems, viscosity solutions and application to finance :
260 _bEdizioni della Normale,
_c2002.
650 0 _aMathematics.
942 _cENGLISH
040 _aYourLibrary
_beng
_cYourLibrary
999 _c609553
_d609553